El letrado de la administración de justicia : (Record no. 193625)

MARC details
000 -LEADER
campo de control de longitud fija 01729nam a2200397 i 4500
001 - NÚMERO DE CONTROL
campo de control 193625
003 - IDENTIFICADOR DE NÚMERO DE CONTROL
campo de control SpMaBN
005 - FECHA Y HORA DE LA ÚLTIMA TRANSACCIÓN
campo de control 20260320063014.0
007 - CAMPO FIJO DE DESCRIPCIÓN FÍSICA--INFORMACIÓN GENERAL
campo de control de longitud fija ta
008 - DATOS DE LONGITUD FIJA--INFORMACIÓN GENERAL
campo de control de longitud fija 191125s2019 sp | |||| 000 0 spa
017 ## - NÚMERO DE COPYRIGHT O DE DEPÓSITO LEGAL
Número de copyright o de depósito legal V 1523-2019
Agencia que asigna Oficina Depósito Legal Valencia
020 ## - NÚMERO INTERNACIONAL ESTÁNDAR DEL LIBRO
Número Internacional Estándar del Libro 9788413134482
035 ## - NÚMERO DE CONTROL DEL SISTEMA
Número de control de sistema (OCoLC)1107155012
040 ## - FUENTE DE CATALOGACIÓN
Centro catalogador/agencia de origen SpMaBN
Lengua de catalogación spa
Centro/agencia transcriptor SpMaBN
Normas de descripción rda
080 ## - NÚMERO DE LA CLASIFICACIÓN DECIMAL UNIVERSAL
Número de la Clasificación Decimal Universal 347.964.2(460)
245 03 - MENCIÓN DEL TÍTULO
Título El letrado de la administración de justicia :
Resto del título una visión práctica de una de las profesiones jurídicas españolas /
Mención de responsabilidad, etc. Juan Marcos Estaran Peix, Conchita Llevot Calvet, Raúl González González, Juan Enrique Mínguez Zafra
264 #1 - PRODUCCIÓN, PUBLICACIÓN, DISTRIBUCIÓN, FABRICACIÓN Y COPYRIGHT
Producción, publicación, distribución, fabricación y copyright Valencia :
Nombre del de productor, editor, distribuidor, fabricante Tirant Lo Blanch,
Fecha de producción, publicación, distribución, fabricación o copyright 2019
300 ## - DESCRIPCIÓN FÍSICA
Extensión 291 páginas ;
Dimensiones 22 cm
336 ## - TIPO DE CONTENIDO
Término de tipo de contenido Texto
Fuente rdacontent
337 ## - TIPO DE MEDIO
Nombre/término del tipo de medio sin mediación
Fuente rdamedia
338 ## - TIPO DE SOPORTE
Nombre/término del tipo de soporte volumen
Fuente rdacarrier
490 0# - MENCIÓN DE SERIE
Mención de serie Abogacía práctica
Designación de volumen o secuencia ; 105
500 ## - NOTA GENERAL
Nota general Índice
504 ## - NOTA DE BIBLIOGRAFÍA, ETC.
Nota de bibliografía, etc. Bibliografía: páginas [289]-291
650 #7 - PUNTO DE ACCESO ADICIONAL DE MATERIA--TÉRMINO DE MATERIA
Término de materia o nombre geográfico como elemento de entrada Letrados de la administración de justicia
Fuente del encabezamiento o término embne
9 (RLIN) 234974
700 1# - ENTRADA AGREGADA--NOMBRE PERSONAL
Nombre de persona Estaran Peix, Juan Marcos
Relación pbd
-- aut
9 (RLIN) 234975
Término indicativo de función/relación Autor
700 1# - ENTRADA AGREGADA--NOMBRE PERSONAL
Nombre de persona Llevot Calvet, Conchita
Relación aut
9 (RLIN) 234976
Término indicativo de función/relación Autor
700 1# - ENTRADA AGREGADA--NOMBRE PERSONAL
Nombre de persona González González, Raúl
Títulos y otros términos asociados al nombre (abogado)
Relación aut
9 (RLIN) 234977
Término indicativo de función/relación Autor
700 1# - ENTRADA AGREGADA--NOMBRE PERSONAL
Nombre de persona Mínguez Zafra, Juan Enrique
Relación aut
9 (RLIN) 234978
Término indicativo de función/relación Autor
852 ## - LOCALIZACIÓN
Ubicación ES-MaACL
Sublocalización o colección R. 152796
Ubicación en estantería Depósito J
Número de control de estantería N-8154
Donativo/Legado Donación: Juan Enrique Mínguez Zafra
itemnumber 201129
Anotaciones manuscritas Dedicatoria autógrafa de Juan Enrique Mínguez Zafra
856 4# - LOCALIZACIÓN Y ACCESO ELECTRÓNICOS
Identificador Uniforme de Recursos <a href="http://www.tirant.com/mispromociones">http://www.tirant.com/mispromociones</a>
Texto de enlace Versión en línea
Nota pública con clave de acceso
903 ## - NOMBRE PERSONAL DE DONANTE
9 234978
a Mínguez Zafra, Juan Enrique
e Donante
942 ## - ELEMENTOS DE ENTRADA SECUNDARIOS (KOHA)
Suprimir en OPAC No
Tipo de ítem Koha Libro impreso
Holdings
Estatus retirado Estado de pérdida Fuente del sistema de clasificación o colocación Estado de daño No para préstamo Colección Biblioteca de origen Biblioteca actual Ubicación en estantería Fecha de adquisición Fuente de adquisición Total de préstamos Signatura topográfica completa Código de barras Visto por última vez Tipo de ítem Koha Nota pública
    Clasificación decimal universal     Libros con dedicatorias Biblioteca del Ateneo de Madrid Biblioteca del Ateneo de Madrid Depósito J 30/01/2024 Donación   N-8154 101206470 30/01/2024 Libro impreso Dedicatoria autógrafa del autor J.E. Mínguez Zafra